Plasticity theory / (Record no. 531738)
[ view plain ]
| 000 -LEADER | |
|---|---|
| fixed length control field | 00888cam a2200265 a 4500 |
| 001 - CONTROL NUMBER | |
| control field | 15010233 |
| 005 - DATE AND TIME OF LATEST TRANSACTION | |
| control field | 20191024161725.0 |
| 008 - FIXED-LENGTH DATA ELEMENTS--GENERAL INFORMATION | |
| fixed length control field | 070917s2008 nyua b 001 0 eng |
| 010 ## - LIBRARY OF CONGRESS CONTROL NUMBER | |
| LC control number | 2007038484 |
| 020 ## - INTERNATIONAL STANDARD BOOK NUMBER | |
| International Standard Book Number | 9780486462905 |
| 020 ## - INTERNATIONAL STANDARD BOOK NUMBER | |
| International Standard Book Number | 0486462900 |
| 035 ## - SYSTEM CONTROL NUMBER | |
| System control number | (OCoLC)ocn154799437 |
| 035 ## - SYSTEM CONTROL NUMBER | |
| System control number | (OCoLC)154799437 |
| 040 ## - CATALOGING SOURCE | |
| Transcribing agency | DLC |
| 082 00 - DEWEY DECIMAL CLASSIFICATION NUMBER | |
| Classification number | 531.385 |
| Author Mark | LUB |
| 100 1# - MAIN ENTRY--PERSONAL NAME | |
| Personal name | Lubliner, Jacob. |
| 9 (RLIN) | 24730 |
| 245 10 - TITLE STATEMENT | |
| Title | Plasticity theory / |
| Statement of responsibility, etc. | Jacob Lubliner. |
| 260 ## - PUBLICATION, DISTRIBUTION, ETC. | |
| Place of publication, distribution, etc. | Mineola, N.Y. : |
| Name of publisher, distributor, etc. | Dover Publications, |
| Date of publication, distribution, etc. | c2008. |
| 300 ## - PHYSICAL DESCRIPTION | |
| Extent | xiv, 528 p. : |
| Other physical details | ill. ; |
| Dimensions | 24 cm. |
| 440 #0 - SERIES STATEMENT/ADDED ENTRY--TITLE | |
| Title | Dover books on engineering |
| 9 (RLIN) | 24731 |
| 500 ## - GENERAL NOTE | |
| General note | This Dover ed. is a revised and corrected republication of the edition published by Macmillan Pub. Co., New York, in 1990. |
| 504 ## - BIBLIOGRAPHY, ETC. NOTE | |
| Bibliography, etc. note | Includes bibliographical references (p. 501-516) and index. |
| 650 #0 - SUBJECT ADDED ENTRY--TOPICAL TERM | |
| Topical term or geographic name entry element | Plasticity. |
| 9 (RLIN) | 19040 |
| 942 ## - ADDED ENTRY ELEMENTS (KOHA) | |
| Source of classification or shelving scheme | |
| Koha item type | Book |
| Withdrawn status | Lost status | Source of classification or shelving scheme | Damaged status | Not for loan | Permanent Location | Current Location | Date acquired | Total Checkouts | Full call number | Barcode | Date last seen | Date last checked out | Price effective from | Koha item type |
|---|---|---|---|---|---|---|---|---|---|---|---|---|---|---|
| School of Civil and Environmental Engineering (SCEE) | School of Civil and Environmental Engineering (SCEE) | 10/24/2019 | 2 | 531.385 LUB | NIT-12995 | 06/30/2022 | 03/02/2022 | 10/24/2019 | Book |
